LEADER 03312nam 22006253u 450 001 9910457253203321 005 20210114093718.0 010 $a0-470-82865-X 010 $a1-280-75865-1 010 $a9786613678003 010 $a0-470-82864-1 035 $a(CKB)2550000000042742 035 $a(EBL)693371 035 $a(OCoLC)751685410 035 $a(SSID)ssj0000568649 035 $a(PQKBManifestationID)12200524 035 $a(PQKBTitleCode)TC0000568649 035 $a(PQKBWorkID)10536348 035 $a(PQKB)10086977 035 $a(MiAaPQ)EBC693371 035 $a(EXLCZ)992550000000042742 100 $a20130418d2011|||| u|| | 101 0 $aeng 181 $ctxt 182 $cc 183 $acr 200 10$aAmerican Wheels, Chinese Roads$b[electronic resource] $eThe Story of General Motors in China 210 $aChichester $cWiley$d2011 215 $a1 online resource (250 p.) 300 $aDescription based upon print version of record. 311 $a0-470-82861-7 327 $aAmerican Wheels Chinese Roads: The Story of General Motors in China; Contents; Acknowledgments; Introduction; Part One: Rules of the Chinese Road; 1: Scaling New Heights; 2: Many Detroits; 3: Getting a Foothold-In Quicksand; 4: The Back Door; 5: The Hook; 6: A Reality Show; Part Two: Pole Position, Yellow Flags; 7: The Kit Price; 8: Putting Shanghai First; 9: Signing the Deal; 10: Two Sons; Part Three: Negotiating the Obstacle Course; 11: The Launch; 12: Fiefdoms; 13: Paper Cups; 14: The Cherry Surprise; 15: Porsches and Sweet Potatoes; 16: Getting Their Arms Around China 327 $aPart Four: Quick Acceleration, Then a Tight Corner 17: The Best and Worst of Times; 18: Miniature Vehicles; 19: A Chill Wind; 20: The Favor; Part Five: The End of the Beginning; 21: A Memory Palace; 22: The Great Tide; 23: Electric Cars and Elevators; Conclusion: The End of the Beginning; Index 330 $aHow could one company-General Motors-meet disaster on one continent and achieve explosive growth on another at the very same time? While General Motors was hurtling towards bankruptcy in 2009, GM's subsidiary in China was setting new sales and profit records. This book reveals how extraordinary people, remarkable decisions and surprising breaks made triumph in China possible for General Motors. It also shows just how vulnerable that winning track record remains. No small part of GM's success in China springs from its management of shifting business and political relationships. 606 $aAutomobile industry and trade -- China 606 $aCorporations, Foreign -- China 606 $aGeneral Motors Corporation 606 $aAutomobile industry and trade$zChina 606 $aCorporations, Foreign$zChina 608 $aElectronic books. 615 4$aAutomobile industry and trade -- China. 615 4$aCorporations, Foreign -- China. 615 4$aGeneral Motors Corporation. 615 0$aAutomobile industry and trade 615 0$aCorporations, Foreign 676 $a338.476292 676 $a338.76292220951 700 $aDunne$b Michael J$0181850 801 0$bAU-PeEL 801 1$bAU-PeEL 801 2$bAU-PeEL 906 $aBOOK 912 $a9910457253203321 996 $aAmerican Wheels, Chinese Roads$91935162 997 $aUNINA LEADER 01356cam a2200277 i 4500 001 991002244989707536 008 070315s1999 it 000 0 ita d 020 $a8878120502 035 $ab13497832-39ule_inst 040 $aBiblioteca Interfacoltà$bita 082 04$a344.45092 110 2 $aAssociazione italiana biblioteche$0104838 245 13$aLa biblioteca fra legislazione e diritti del cittadino :$bAtti del XLIII Congresso nazionale dell'Associazione italiana biblioteche, Napoli, 29-30-31 ottobre 1997 /$ca cura di Maria Cristina Di Martino e Ornella Falangola 260 $aRoma :$bAssociazione italiana biblioteche,$c1999 300 $a170 p. ;$c24 cm 611 24$aCongresso nazionale dell'Associazione Italiana Biblioteche$n43. :$d1997 ;$cNapoli 650 04$aBiblioteche$xLegislazione$xCongressi$x1997 700 1 $aDi Martino, Maria Cristina 700 1 $aFalangola, Ornella 907 $a.b13497832$b31-01-19$c15-03-07 912 $a991002244989707536 945 $aLE002 Bibl. Ris. 300$g1$i2002000601957$lle002$op$pE5.40$q-$rn$so $t0$u0$v0$w0$x0$y.i14402646$z20-03-07 945 $aLE002 334.45 ASS$g2$i2002001092259$lle002$o-$pE0.00$q-$rl$s- $t0$u0$v0$w0$x0$y.i15875362$z31-01-19 996 $aBiblioteca fra legislazione e diritti del cittadino$91096863 997 $aUNISALENTO 998 $ale002$b15-03-07$cm$da $e-$fita$git $h0$i0 LEADER 01403nam 2200421 450 001 9910774605003321 005 20221223110008.0 010 $a1-00-305321-1 010 $a1-003-05321-1 035 $a(CKB)5600000000001781 035 $a(NjHacI)995600000000001781 035 $a(EXLCZ)995600000000001781 100 $a20221223d2021 uy 0 101 0 $aeng 135 $aur||||||||||| 181 $ctxt$2rdacontent 182 $cc$2rdamedia 183 $acr$2rdacarrier 200 00$aGender equity in STEM in higher education $einternational perspectives on policy, institutional culture, and individual choice /$fedited by Hyun Kyoung Ro, Frank Fernandez, Elizabeth Ramon 210 1$aNew York, New York ;$aLondon :$cRoutledge,$d[2021] 210 4$d©2021 215 $a1 online resource (254 pages) 311 $a0-367-51293-9 517 $aGender Equity in STEM in Higher Education 606 $aSexism in higher education 606 $aSex discrimination in higher education 615 0$aSexism in higher education. 615 0$aSex discrimination in higher education. 676 $a378.008 702 $aRo$b Hyun-Kyoung 702 $aFernandez$b Frank 702 $aRamon$b Elizabeth 801 0$bNjHacI 801 1$bNjHacl 906 $aBOOK 912 $a9910774605003321 996 $aGender Equity in STEM in Higher Education$92127793 997 $aUNINA